[Event "World Rapid 2022"]
[Site "Almaty KAZ"]
[Date "2022.12.28"]
[Round "11.32"]
[White "Hovhannisyan, Robert"]
[Black "Asadli, Vugar"]
[Result "0-1"]
[WhiteTitle "GM"]
[BlackTitle "GM"]
[WhiteElo "2597"]
[BlackElo "2567"]
[WhiteFideId "13302507"]
[BlackFideId "13405764"]
[EventDate "2022.12.26"]

1. e4 c5 2. Nf3 e6 3. d4 cxd4 4. Nxd4 Nf6 5. Nc3 Nc6 6. Ndb5 Bc5 7. Bf4 O-O 8.
Bc7 Qe7 9. Bd6 Bxd6 10. Qxd6 Qd8 11. Nc7 Rb8 12. Be2 a6 13. e5 Ne8 14. Nxe8 Rxe8
15. Bf3 b5 16. Bxc6 Rb6 17. O-O-O Rxc6 18. Qd2 Qa5 19. Kb1 b4 20. Ne4 Qxe5 21.
Nd6 Rf8 22. f4 Qc5 23. h4 a5 24. h5 h6 25. g4 a4 26. Rh3 f6 27. Ne4 Qc4 28. Nd6
Qc5 29. Ne4 Qd5 30. Qxd5 exd5 31. Nf2 Re8 32. Nd3 Rc4 33. b3 axb3 34. axb3 Rd4
35. Rg3 d6 36. g5 Kf7 37. gxh6 gxh6 38. Rdg1 Bf5 39. Rg7+ Ke6 40. Re1+ Be4 41.
Rh7 Kf5 42. Rxh6 Rxd3 43. cxd3 Bxd3+ 44. Kc1 Rxe1+ 45. Kd2 Rb1 46. Kxd3 Rxb3+
47. Kd4 Rh3 48. Rh8 b3 49. Kxd5 Kxf4 50. Kxd6 f5 51. Ke6 b2 52. Rb8 Rxh5 53.
Rxb2 Kg4 54. Ke5 f4+ 55. Ke4 f3 56. Rb8 f2 57. Rg8+ Rg5 58. Rf8 Kg3 59. Ke3 Re5+
60. Kd3 Re1 0-1

[Event "World Rapid 2022"]
[Site "Almaty KAZ"]
[Date "2022.12.28"]
[Round "11.33"]
[White "Petrosian, Tigran L."]
[Black "Yudin, Sergei"]
[Result "0-1"]
[WhiteTitle "GM"]
[BlackTitle "GM"]
[WhiteElo "2551"]
[BlackElo "2469"]
[WhiteFideId "13301616"]
[BlackFideId "4159659"]
[EventDate "2022.12.26"]

1. Nf3 e6 2. g3 b5 3. Bg2 Bb7 4. O-O Nf6 5. d3 c5 6. e4 d6 7. Ng5 h6 8. Nh3 Nc6
9. f4 Be7 10. c3 Qc7 11. Nd2 b4 12. c4 Nd7 13. Nf3 Bf6 14. Kh1 Nd4 15. Nxd4 Bxd4
16. Ng1 O-O 17. Nf3 f5 18. Qe2 Rae8 19. Nh4 Nf6 20. a3 b3 21. a4 Bc6 22. Ra3 Qb7
23. Re1 Kh7 24. h3 g6 25. Be3 e5 26. Bxd4 exd4 27. e5 dxe5 28. fxe5 Nh5 29. Bxc6
Qxc6+ 30. Qf3 Nxg3+ 31. Kh2 Qxf3 32. Nxf3 f4 33. Rxb3 Rb8 34. Rxb8 Rxb8 35. e6
Kg7 36. e7 Re8 37. Nd2 Nf5 38. Re4 Rxe7 39. Rxe7+ Nxe7 40. Ne4 Nc6 41. Nxc5 Kf6
42. Na6 Ne5 43. Nc5 a5 44. b4 axb4 45. a5 Nc6 46. a6 g5 47. Nb3 Ke5 48. Kg2 h5
49. Kf3 Kf5 50. Kg2 Ke5 51. Kf3 Na7 52. c5 Nc6 53. Na5 Kd5 54. h4 g4+ 55. Kxf4
Kxc5 56. Nc4 b3 0-1

[Event "World Rapid 2022"]
[Site "Almaty KAZ"]
[Date "2022.12.28"]
[Round "11.34"]
[White "Nesterov, Arseniy"]
[Black "Shimanov, Aleksandr"]
[Result "1-0"]
[WhiteTitle "GM"]
[BlackTitle "GM"]
[WhiteElo "2573"]
[BlackElo "2581"]
[WhiteFideId "24198455"]
[BlackFideId "4198603"]
[EventDate "2022.12.26"]

1. d4 e6 2. c4 c5 3. d5 d6 4. e4 g6 5. Nf3 Bg7 6. Bd3 e5 7. Nc3 Ne7 8. h4 Bg4 9.
Qa4+ Kf8 10. Nh2 Bd7 11. Qb3 Bc8 12. h5 Ng8 13. O-O Nd7 14. Be2 a6 15. f4 exf4
16. Bxf4 Ne5 17. Rf2 Nh6 18. Raf1 Kg8 19. Qc2 g5 20. Bg3 Bd7 21. Nd1 b5 22. Ne3
Qe7 23. Kh1 b4 24. Qd1 Re8 25. Neg4 Bxg4 26. Nxg4 Nhxg4 27. Bxg4 Rf8 28. b3 h6
29. Bf5 a5 30. Qe2 Ra8 31. Bh3 Ra7 32. Bxe5 Qxe5 33. Qg4 Qe8 34. Rf5 Be5 35. Qf3
Kg7 36. Rf6 Qe7 37. Rf5 Rha8 38. Qg4 Rb7 39. Qd1 a4 40. bxa4 Qe8 41. Qd2 Qd8 42.
Qf2 Raa7 43. Rxe5 dxe5 44. Qxc5 Rxa4 45. Qf2 Rba7 46. c5 Rxa2 47. Qf5 b3 48.
Qxe5+ Kg8 49. Rb1 b2 50. Rxb2 Re7 51. Qb8 Qxb8 1-0

[Event "World Rapid 2022"]
[Site "Almaty KAZ"]
[Date "2022.12.28"]
[Round "11.35"]
[White "Paravyan, David"]
[Black "Suleymenov, Alisher"]
[Result "1-0"]
[WhiteTitle "GM"]
[BlackTitle "IM"]
[WhiteElo "2586"]
[BlackElo "2476"]
[WhiteFideId "4194985"]
[BlackFideId "13707833"]
[EventDate "2022.12.26"]

1. e4 c5 2. Nf3 d6 3. d4 cxd4 4. Nxd4 Nf6 5. Nc3 a6 6. Bg5 e6 7. f4 Be7 8. Qf3
Qc7 9. O-O-O Nbd7 10. g4 h6 11. Bxf6 Bxf6 12. h4 Nb6 13. g5 Bxd4 14. Rxd4 Qc5
15. Rd1 Bd7 16. Bd3 O-O-O 17. Qg3 g6 18. Be2 hxg5 19. hxg5 Bc6 20. Rxh8 Rxh8 21.
a3 Na4 22. Nxa4 Bxa4 23. Bd3 Kb8 24. Kb1 Ka8 25. Rf1 d5 26. Qf2 Qxf2 27. Rxf2
Rh1+ 28. Ka2 Bc6 29. exd5 Bxd5+ 30. b3 Ka7 31. Kb2 Kb6 32. b4 Bc6 33. Kb3 Kc7
34. a4 Rh3 35. a5 Bb5 36. Kc3 Kc6 37. Kd4 Bxd3 38. cxd3 Rh1 39. Ke5 Kb5 40. Kf6
Rh7 41. Rc2 Kxb4 42. Rc7 Kxa5 43. Rxb7 Ka4 44. Rxf7 Rxf7+ 45. Kxf7 Kb5 46. Kxe6
a5 47. f5 a4 48. fxg6 a3 49. g7 a2 50. g8=Q a1=Q 51. Qb8+ Kc6 52. Qd6+ Kb7 53.
Qd5+ Ka7 54. g6 Qe1+ 55. Qe4 Qg3 56. Qd4+ Ka8 57. Qe4+ Ka7 58. d4 Qc7 59. Qe5
Qc6+ 60. Kf7 Qc4+ 61. d5 Ka8 62. Qe8+ Ka7 63. Qd7+ Kb8 64. Qd6+ Ka7 65. g7 Qf1+
66. Qf6 1-0

[Event "World Rapid 2022"]
[Site "Almaty KAZ"]
[Date "2022.12.28"]
[Round "11.36"]
[White "Najer, Evgeniy"]
[Black "Pranav, V"]
[Result "1-0"]
[WhiteTitle "GM"]
[BlackTitle "GM"]
[WhiteElo "2662"]
[BlackElo "2545"]
[WhiteFideId "4118987"]
[BlackFideId "25060783"]
[EventDate "2022.12.26"]

1. e4 e5 2. Nf3 Nc6 3. Bb5 a6 4. Ba4 Nf6 5. O-O b5 6. Bb3 Bc5 7. Nc3 d6 8. Nd5
h6 9. c3 O-O 10. d4 Ba7 11. a4 exd4 12. axb5 axb5 13. cxd4 Bg4 14. Be3 Rb8 15.
Nxf6+ Qxf6 16. Bd5 Bd7 17. Bxc6 Bxc6 18. Rxa7 Bxe4 19. Rxc7 Bd5 20. h3 Ra8 21.
Nd2 Ra2 22. Qh5 Qe6 23. Qg4 Rxb2 24. Qxe6 fxe6 25. Ra1 Rf6 26. g4 b4 27. Raa7
Rg6 28. Kf1 b3 29. Ke2 Ra2 30. Kd3 e5 31. Rxa2 bxa2 32. Ra7 h5 33. g5 h4 34. Ne4
Be6 35. Nxd6 exd4 36. Bf4 Bb3 37. Kxd4 Re6 38. Be5 Re7 39. Ra8+ Kh7 40. f4 Rc7
41. f5 Bg8 42. g6+ Kh6 43. Nf7+ 1-0

[Event "World Rapid 2022"]
[Site "Almaty KAZ"]
[Date "2022.12.28"]
[Round "11.37"]
[White "Adly, Ahmed"]
[Black "Gharibyan, Mamikon"]
[Result "0-1"]
[WhiteTitle "GM"]
[BlackTitle "IM"]
[WhiteElo "2596"]
[BlackElo "2480"]
[WhiteFideId "10601619"]
[BlackFideId "13308300"]
[EventDate "2022.12.26"]

1. Nf3 d5 2. g3 Nf6 3. Bg2 e6 4. O-O Be7 5. d3 O-O 6. Nbd2 a5 7. e4 a4 8. e5
Nfd7 9. c3 c5 10. d4 Nc6 11. Re1 b5 12. h4 b4 13. c4 cxd4 14. cxd5 exd5 15. Nf1
d3 16. Qxd3 Nc5 17. Qd1 Bf5 18. Nd4 Nxd4 19. Qxd4 Nd3 20. Re2 Bc5 21. Qxd5 Qxd5
22. Bxd5 Rad8 23. Bf3 Bd4 24. Ne3 Be6 25. Nc2 Bxe5 26. Nxb4 Nxb4 27. Rxe5 Nc2
28. Bg5 Nxa1 29. Bxd8 Rxd8 30. Ra5 Kf8 31. Rxa4 Rd2 32. b3 Ke7 33. Be4 h5 34.
Ra7+ Kd6 35. Bh7 Bd5 36. f3 Nc2 37. Bg8 Ne3 38. Bxf7 Bxf3 39. Ra6+ Kc7 40. Bxh5
Bb7 41. Ra7 Rg2+ 42. Kh1 Rxa2+ 0-1

[Event "World Rapid 2022"]
[Site "Almaty KAZ"]
[Date "2022.12.28"]
[Round "11.38"]
[White "Predke, Alexandr"]
[Black "Lazavik, Denis"]
[Result "0-1"]
[WhiteTitle "GM"]
[BlackTitle "GM"]
[WhiteElo "2684"]
[BlackElo "2537"]
[WhiteFideId "24107581"]
[BlackFideId "13515110"]
[EventDate "2022.12.26"]

1. Nf3 d5 2. g3 Nf6 3. Bg2 e6 4. O-O Be7 5. c4 O-O 6. d4 dxc4 7. Nc3 Nc6 8. e4
a6 9. h4 h6 10. Qe2 b5 11. Bf4 Bb7 12. Rad1 Na5 13. Ne5 Bd6 14. g4 Nh7 15. Bg3
Qe8 16. f4 f6 17. Nf3 b4 18. Nb1 f5 19. gxf5 exf5 20. e5 Be7 21. d5 Rd8 22. Nd4
Bxd5 23. Bxd5+ Rxd5 24. Qg2 c6 25. Ne6 Rxd1 26. Rxd1 Rf7 27. Bf2 Nf8 28. Nxf8
Bxf8 29. Qg6 c5 30. Qxa6 Rd7 31. Re1 Qd8 32. Qe6+ Rf7 33. h5 Qd3 34. Qa6 Nb7 35.
e6 Re7 36. Qc6 Nd8 37. Qc8 Nxe6 38. Rxe6 Qxb1+ 39. Kg2 Rxe6 40. Qxe6+ Kh7 41.
Qg6+ Kh8 42. Qe8 Qe4+ 43. Qxe4 fxe4 44. Kg3 b3 45. axb3 cxb3 46. Be1 c4 47. Kg4
Be7 48. Bd2 Bf6 49. Bc1 c3 0-1

[Event "World Rapid 2022"]
[Site "Almaty KAZ"]
[Date "2022.12.28"]
[Round "11.39"]
[White "Maze, Sebastien"]
[Black "Uskov, Artem"]
[Result "0-1"]
[WhiteTitle "GM"]
[BlackTitle "FM"]
[WhiteElo "2538"]
[BlackElo "2376"]
[WhiteFideId "613762"]
[BlackFideId "34254854"]
[EventDate "2022.12.26"]

1. e4 c5 2. Nf3 d6 3. Bb5+ Nd7 4. Ba4 Nf6 5. O-O Nxe4 6. Re1 Nf6 7. d4 e6 8.
dxc5 dxc5 9. Qe2 Be7 10. Ng5 Qb6 11. Bb3 Nb8 12. a4 O-O 13. a5 Qd8 14. Rd1 Qc7
15. Nc3 Nc6 16. Nb5 Qb8 17. Qc4 a6 18. Nc3 Nd4 19. Nge4 Qe5 20. Re1 Bd7 21.
Nxf6+ Qxf6 22. Ne4 Qg6 23. Nxc5 Nf3+ 0-1

[Event "World Rapid 2022"]
[Site "Almaty KAZ"]
[Date "2022.12.28"]
[Round "11.40"]
[White "Nogerbek, Kazybek"]
[Black "Yakubboev, Nodirbek"]
[Result "1-0"]
[WhiteTitle "IM"]
[BlackTitle "GM"]
[WhiteElo "2468"]
[BlackElo "2647"]
[WhiteFideId "13710427"]
[BlackFideId "14203987"]
[EventDate "2022.12.26"]

1. Nf3 Nf6 2. c4 g6 3. b3 Bg7 4. Bb2 O-O 5. g3 c5 6. Bg2 d6 7. O-O e5 8. Nc3 Nc6
9. d3 h6 10. a3 a5 11. Nd2 Rb8 12. Nde4 Ne8 13. Nd5 b5 14. Rb1 b4 15. axb4 axb4
16. e3 Ne7 17. Nd2 Nxd5 18. cxd5 Nc7 19. Nc4 Bb7 20. e4 Nb5 21. Ra1 Bc8 22. Kh1
h5 23. f4 exf4 24. Bxg7 Kxg7 25. gxf4 Nd4 26. Ra7 Rb7 27. Ra6 Rd7 28. Ra8 Qh4
29. e5 Rdd8 30. Ra7 Bg4 31. Qe1 Qxe1 32. Rxe1 dxe5 33. fxe5 Rd7 34. Rxd7 Bxd7
35. Nd6 Rd8 36. Rb1 Bf5 37. Be4 f6 38. Nb7 Rb8 39. exf6+ Kxf6 40. Nxc5 Rc8 41.
Rc1 Ke5 42. Bxf5 Kxf5 43. d6 Rd8 44. d7 Ke5 45. Rc4 Nc6 46. h4 Kd5 47. Ne4 Ne7
48. Rxb4 Kc6 49. Nf6 Nf5 50. Kg2 Kd6 51. Re4 Kc7 52. Kf2 Nd6 53. Rf4 Rb8 54. b4
Rb5 55. Kg2 Kd8 56. Kh3 Re5 57. Rd4 Re3+ 58. Kh2 Re6 59. Ne4 Nf5 60. Rc4 Ra6 61.
Nc5 Ra2+ 62. Kh3 Re2 63. Re4 Re3+ 64. Rxe3 Nxe3 65. b5 Nd5 66. Kg3 Kc7 67. Kf3
Kd8 68. Ke4 Nc3+ 69. Kf4 Nxb5 70. Kg5 Ke7 71. Kxg6 Nd6 72. Kxh5 Nf7 73. Kg6 1-0

[Event "World Rapid 2022"]
[Site "Almaty KAZ"]
[Date "2022.12.28"]
[Round "11.41"]
[White "Ivic, Velimir"]
[Black "Moiseenko, Alexander"]
[Result "0-1"]
[WhiteTitle "GM"]
[BlackTitle "GM"]
[WhiteElo "2572"]
[BlackElo "2577"]
[WhiteFideId "950122"]
[BlackFideId "14102560"]
[EventDate "2022.12.26"]

1. d4 Nf6 2. c4 e6 3. Nc3 Bb4 4. a3 Bxc3+ 5. bxc3 Nc6 6. f3 b6 7. e4 Ba6 8. Bd3
Na5 9. Qe2 c5 10. Nh3 cxd4 11. cxd4 Nb3 12. e5 Ng8 13. Rb1 Qh4+ 14. Nf2 Nxc1 15.
Rxc1 Qxd4 16. O-O Ne7 17. Rfd1 Qc5 18. Kh1 O-O 19. f4 Bb7 20. Be4 Qc7 21. Rc3 f5
22. exf6 Rxf6 23. Rh3 h6 24. Rhd3 Rd8 25. Qd2 Bxe4 26. Nxe4 Rxf4 27. Ng3 Rxc4
28. Nh5 Nf5 29. Qe2 Rc1 30. Qg4 Rxd1+ 31. Rxd1 Qe5 32. h3 b5 33. Rc1 a5 34. Nf4
Qd4 35. Rd1 Qe4 36. Ng6 Qxg4 37. hxg4 Ne3 38. Rd4 Nd5 39. Ne5 b4 40. axb4 axb4
41. Kg1 b3 42. Rd2 0-1

[Event "World Rapid 2022"]
[Site "Almaty KAZ"]
[Date "2022.12.28"]
[Round "11.42"]
[White "Tologon tegin, Semetei"]
[Black "Adhiban, Baskaran"]
[Result "1-0"]
[WhiteTitle "IM"]
[BlackTitle "GM"]
[WhiteElo "2394"]
[BlackElo "2611"]
[WhiteFideId "13800574"]
[BlackFideId "5018471"]
[EventDate "2022.12.26"]

1. e4 e5 2. Nf3 Nc6 3. Bb5 f5 4. d3 fxe4 5. dxe4 Nf6 6. O-O d6 7. Nc3 Be7 8. Bc4
Na5 9. Be2 O-O 10. b4 Nc6 11. b5 Na5 12. Nd5 Kh8 13. Nxf6 Bxf6 14. Bd2 b6 15.
Bxa5 bxa5 16. Bc4 a6 17. a4 axb5 18. axb5 a4 19. Bd5 Ra5 20. c4 Bg4 21. Qd3 Qb8
22. Ra3 Qa7 23. Qe3 Bxf3 24. Qxa7 Rxa7 25. Rxf3 Be7 26. Ra3 Bg5 27. Rd1 Re8 28.
Kf1 Re7 29. Ke2 g6 30. Rda1 Kg7 31. Rxa4 Rxa4 32. Rxa4 Bc1 33. Ra2 h5 34. Kd1
Bh6 35. Ra7 Kf6 36. g3 h4 37. Ra6 Kg7 38. Ra8 hxg3 39. fxg3 Be3 40. Ke2 Bb6 41.
h4 Kf6 42. Kf3 Rg7 43. Kg4 Be3 44. Rf8+ Ke7 45. Rc8 Kf6 46. Rf8+ Ke7 47. Rf3 Bd2
48. Rd3 Bh6 49. Ra3 Bd2 50. Ra7 Kf6 51. Ra2 Be3 52. Kf3 Bb6 53. g4 Rh7 54. g5+
Ke7 55. Kg4 Be3 56. Kg3 Bc5 57. Ra8 Rg7 58. Rc8 Kd7 59. Rf8 Ke7 60. Rf6 Bb4 61.
Kg4 Bd2 62. Rf2 Bc1 63. Ra2 Be3 64. Ra3 Bc1 65. Ra7 Kf8 66. Ra8+ Ke7 67. Kf3 Bd2
68. Rc8 Kd7 69. Rh8 Ke7 70. Kg4 Be3 71. Rc8 Kd7 72. Rh8 Ke7 73. h5 gxh5+ 74.
Rxh5 Bd2 75. Kf5 Be3 76. g6 Bf2 77. Rh7 Kf8 78. Rh8+ Ke7 79. Bc6 d5 80. c5 Bxc5 1-0

[Event "World Rapid 2022"]
[Site "Almaty KAZ"]
[Date "2022.12.28"]
[Round "11.43"]
[White "Durarbayli, Vasif"]
[Black "Shankland, Sam"]
[Result "1-0"]
[WhiteTitle "GM"]
[BlackTitle "GM"]
[WhiteElo "2612"]
[BlackElo "2710"]
[WhiteFideId "13402935"]
[BlackFideId "2004887"]
[EventDate "2022.12.26"]

1. e4 e6 2. d4 d5 3. e5 c5 4. c3 Nc6 5. Nf3 Bd7 6. Bd3 cxd4 7. cxd4 Qb6 8. O-O
Nxd4 9. Nbd2 Nc6 10. Nb3 Nge7 11. Re1 Ng6 12. h4 Qc7 13. Bxg6 hxg6 14. Bg5 Be7
15. Bxe7 Kxe7 16. Rc1 Qb6 17. Qd2 Rac8 18. Rc3 Be8 19. Nbd4 Bd7 20. Rb3 Qa6 21.
Nb5 Qa5 22. Qg5+ Kf8 23. Nd6 Nd4 24. Nxc8 Bxc8 25. Rc3 Nxf3+ 26. gxf3 Bd7 27.
Rec1 Bc6 28. b4 Qb6 29. b5 Be8 30. Rc8 Rh5 31. Qd8 Qxd8 32. Rxd8 Ke7 33. Rb8
Rxe5 34. Rxb7+ Kf6 35. Rc8 d4 36. Rxe8 Rd5 1-0

[Event "World Rapid 2022"]
[Site "Almaty KAZ"]
[Date "2022.12.28"]
[Round "11.44"]
[White "Andriasian, Zaven"]
[Black "Dardha, Daniel"]
[Result "1-0"]
[WhiteTitle "GM"]
[BlackTitle "GM"]
[WhiteElo "2580"]
[BlackElo "2606"]
[WhiteFideId "13302000"]
[BlackFideId "240990"]
[EventDate "2022.12.26"]

1. e4 c5 2. Nf3 Nc6 3. Bb5 e6 4. O-O Nge7 5. Nc3 Ng6 6. d4 cxd4 7. Nxd4 Be7 8.
Be3 O-O 9. Qh5 Nxd4 10. Bxd4 Qa5 11. e5 a6 12. Bd3 Qb4 13. Ne2 d6 14. exd6 Qxd6
15. Rad1 Qc7 16. f4 Bd7 17. Rf3 Be8 18. Rh3 h6 19. Bxg7 Kxg7 20. Qxh6+ Kf6 21.
Ng3 Qc5+ 22. Kh1 Bc6 23. Nh5+ Qxh5 24. Rxh5 Rh8 25. Qg5+ Kg7 26. Rxh8 Bxg5 27.
Rxa8 Nxf4 28. Bf1 Nh3 29. Rd3 Nf2+ 30. Kg1 Nxd3 31. Bxd3 e5 32. Rc8 Bd5 33. Bc4
Be4 34. Rc7 b5 35. Bxf7 Bd8 36. Rd7 Bb6+ 37. Kf1 Kf8 38. Bb3 a5 39. c3 Be3 40.
Ke2 Bc1 41. Bd5 Bc2 42. Rb7 e4 43. Bb3 Bd3+ 44. Kd1 Bxb2 45. Bc2 Bc4 46. Bxe4
Bxc3 47. Kc2 Bd4 48. Kb1 b4 49. h4 Be2 50. Bg6 Bc3 51. h5 a4 52. h6 Bc4 53. Rb8+
Ke7 54. h7 1-0

[Event "World Rapid 2022"]
[Site "Almaty KAZ"]
[Date "2022.12.28"]
[Round "11.45"]
[White "Jumabayev, Rinat"]
[Black "Narayanan, S.L."]
[Result "0-1"]
[WhiteTitle "GM"]
[BlackTitle "GM"]
[WhiteElo "2609"]
[BlackElo "2669"]
[WhiteFideId "13702661"]
[BlackFideId "5058422"]
[EventDate "2022.12.26"]

1. Nf3 c5 2. c4 Nc6 3. Nc3 Nf6 4. e3 e6 5. d4 d5 6. a3 dxc4 7. Bxc4 a6 8. Ba2 b5
9. Qc2 cxd4 10. exd4 Bb7 11. d5 exd5 12. O-O Be7 13. Rd1 Na5 14. Bg5 O-O 15. Qf5
Nc4 16. Rd4 Qc8 17. Qc2 Nd6 18. Re1 Nde4 19. Qd3 Bc5 20. Bxf6 Nxf6 21. Rh4 Re8
22. Rc1 Qe6 23. Kf1 Qb6 24. Nd1 Ne4 25. Rc2 Qg6 0-1

[Event "World Rapid 2022"]
[Site "Almaty KAZ"]
[Date "2022.12.28"]
[Round "11.46"]
[White "Vokhidov, Shamsiddin"]
[Black "Sjugirov, Sanan"]
[Result "1-0"]
[WhiteTitle "GM"]
[BlackTitle "GM"]
[WhiteElo "2579"]
[BlackElo "2712"]
[WhiteFideId "14204223"]
[BlackFideId "4189302"]
[EventDate "2022.12.26"]

1. e4 c5 2. Nf3 d6 3. Bb5+ Bd7 4. Bxd7+ Qxd7 5. c4 Nf6 6. Nc3 g6 7. d4 cxd4 8.
Nxd4 Bg7 9. h3 Qc7 10. b3 Qa5 11. Bd2 Nxe4 12. Nxe4 Qe5 13. Qb1 f5 14. Bc3 Qxe4+
15. Qxe4 fxe4 16. Nb5 Bxc3+ 17. Nxc3 Nc6 18. Nxe4 Rf8 19. O-O-O Rf5 20. Rhe1 Kd7
21. c5 d5 22. g4 Rf3 23. Rxd5+ Kc7 24. Ng5 Rxf2 25. Ne6+ Kb8 26. Rd7 a6 27. Nc7
Ra7 28. Nd5 b5 29. Rxa7 Kxa7 30. Re6 Kb7 31. Nxe7 Nxe7 32. Rxe7+ Kc6 33. Rxh7
Kxc5 34. Rg7 Rxa2 35. Rxg6 Kb4 36. Rf6 Kxb3 37. Rf3+ Kc4 38. Rg3 Rf2 39. g5 Rf1+
40. Kd2 Rf2+ 41. Ke1 Rf8 42. g6 b4 43. g7 Rg8 44. h4 b3 45. Kd2 a5 46. h5 a4 47.
h6 Rd8+ 48. Kc1 1-0

[Event "World Rapid 2022"]
[Site "Almaty KAZ"]
[Date "2022.12.28"]
[Round "11.47"]
[White "Aravindh, Chithambaram VR."]
[Black "Cheng, Bobby"]
[Result "0-1"]
[WhiteTitle "GM"]
[BlackTitle "GM"]
[WhiteElo "2607"]
[BlackElo "2583"]
[WhiteFideId "5072786"]
[BlackFideId "4300033"]
[EventDate "2022.12.26"]

1. c4 e6 2. Nf3 d5 3. e3 Nf6 4. Nc3 b6 5. b3 Bb7 6. Bb2 Nbd7 7. Rc1 a6 8. cxd5
exd5 9. Ne2 c5 10. Ng3 g6 11. Ne5 Bg7 12. Nxd7 Qxd7 13. d4 Rc8 14. Bd3 O-O 15.
O-O Rfe8 16. Qe2 h5 17. Rfd1 h4 18. Nf1 h3 19. g3 Nh7 20. Qf3 Rc6 21. Be2 Re4
22. Nd2 Ng5 23. Qh1 Re8 24. Nf3 Ne4 25. Ne5 Bxe5 26. dxe5 Rc7 27. Qf3 d4 28.
exd4 Ng5 29. Qe3 Qd5 30. f3 Nxf3+ 31. Bxf3 Qxf3 32. Qxf3 Bxf3 33. Rd3 Be4 34.
Re3 Bd5 35. dxc5 Rxc5 36. Rxc5 bxc5 37. Rd3 Be6 38. Rd6 a5 39. Bc3 Ra8 40. Rc6
a4 41. Rxc5 axb3 42. axb3 Ra2 43. b4 Rg2+ 44. Kh1 Rf2 45. Kg1 Rg2+ 46. Kh1 Rc2
47. Kg1 Bg4 48. e6 fxe6 49. b5 Rg2+ 50. Kf1 Rxh2 51. b6 Rh1+ 52. Kf2 Rb1 53.
Rc8+ Kf7 54. Rc7+ Ke8 55. b7 h2 56. Rh7 Bh5 57. b8=Q+ Rxb8 58. Kg2 Rb3 59. Bh8
Bf3+ 60. Kxh2 Rb1 0-1

[Event "World Rapid 2022"]
[Site "Almaty KAZ"]
[Date "2022.12.28"]
[Round "11.48"]
[White "Tin, Jingyao"]
[Black "Ponkratov, Pavel"]
[Result "0-1"]
[WhiteTitle "GM"]
[BlackTitle "GM"]
[WhiteElo "2562"]
[BlackElo "2577"]
[WhiteFideId "5804418"]
[BlackFideId "4157800"]
[EventDate "2022.12.26"]

1. d4 Nf6 2. c4 e5 3. dxe5 Ng4 4. Nf3 Bc5 5. e3 Nc6 6. Be2 O-O 7. Nc3 Re8 8. O-O
a5 9. Kh1 Bf8 10. Nd4 Ngxe5 11. f4 Ng6 12. Bf3 Nh4 13. Be4 Nxd4 14. exd4 d5 15.
Bxd5 Nf5 16. Qd3 Ra6 17. Be4 Nxd4 18. f5 c5 19. Nd5 b5 20. b3 a4 21. Bf4 Rxe4
22. Qxe4 Bxf5 23. Bc7 Qd7 24. Qf4 bxc4 25. bxc4 Bd3 26. Rfd1 Be2 27. Rd2 Re6 28.
Be5 Bxc4 29. Ne3 Ba6 30. Bxd4 cxd4 31. Rxd4 Qe8 32. Nc2 Re2 33. Rd2 Bb7 34. Rg1
h6 35. Nd4 Re4 36. Qc7 Re1 37. Rd1 Rxg1+ 38. Rxg1 Bd5 39. Qc2 Qe5 40. Nf3 Qf4
41. Qe2 a3 42. Rd1 Be6 43. Qd2 Qc4 44. Nd4 Bg4 45. Rc1 Qd5 46. Nb3 Qb7 47. Qe3
h5 48. h3 Bf5 49. Nc5 Qb2 50. Rf1 Qxa2 51. Qe8 Qd5 52. Qe3 Bxc5 0-1

[Event "World Rapid 2022"]
[Site "Almaty KAZ"]
[Date "2022.12.28"]
[Round "11.49"]
[White "Tsaruk, Maksim"]
[Black "Tari, Aryan"]
[Result "0-1"]
[WhiteTitle "FM"]
[BlackTitle "GM"]
[WhiteElo "2373"]
[BlackElo "2659"]
[WhiteFideId "13511173"]
[BlackFideId "1510045"]
[EventDate "2022.12.26"]

1. e4 c6 2. d4 d5 3. Nd2 dxe4 4. Nxe4 Nf6 5. Nxf6+ exf6 6. c3 Bd6 7. Bd3 O-O 8.
Qc2 Re8+ 9. Ne2 h5 10. O-O h4 11. h3 Nd7 12. Be3 Nf8 13. c4 Bd7 14. Qd2 Ne6 15.
f4 c5 16. d5 Nf8 17. Rf3 f5 18. Bf2 Ng6 19. Rf1 Qf6 20. b4 b6 21. a3 Rac8 22.
Be1 Qd8 23. b5 a6 24. a4 axb5 25. axb5 Ra8 26. Qc2 Ra3 27. Bc3 Qa8 28. Bb2 Ra7
29. Qc3 Bf8 30. R1f2 Ne7 31. g3 Ng6 32. Rg2 Qd8 33. g4 Qc8 34. gxf5 Bxf5 35. Rg5
Bxd3 36. Qxd3 Ra2 37. Qb1 Rxe2 38. Qxa2 Nxf4 39. Qb3 Re1+ 40. Rf1 Nxh3+ 41. Qxh3
Qxh3 42. Rxe1 Qf3 43. d6 Qf4 44. Ree5 Qd2 45. Rd5 Qxb2 46. d7 Qc1+ 47. Kg2 Be7
48. Rge5 h3+ 49. Kxh3 Qh1+ 50. Kg3 Qh4+ 51. Kf3 Bd8 52. Re4 Qf6+ 53. Ke2 g6 54.
Re8+ Kg7 55. Rd3 Qh4 56. Kd1 Qxc4 0-1

[Event "World Rapid 2022"]
[Site "Almaty KAZ"]
[Date "2022.12.28"]
[Round "11.50"]
[White "Puranik, Abhimanyu"]
[Black "Harutyunyan, Tigran K."]
[Result "1/2-1/2"]
[WhiteTitle "GM"]
[BlackTitle "GM"]
[WhiteElo "2616"]
[BlackElo "2511"]
[WhiteFideId "5061245"]
[BlackFideId "13303635"]
[EventDate "2022.12.26"]

1. e4 e5 2. Nf3 Nc6 3. Bb5 a6 4. Ba4 Nf6 5. O-O Be7 6. Re1 b5 7. Bb3 O-O 8. d4
d6 9. c3 Bg4 10. Be3 Bh5 11. h3 Na5 12. Bc2 Nc4 13. Bc1 Re8 14. b3 Nb6 15. Nbd2
Bf8 16. a4 exd4 17. cxd4 c5 18. d5 Nfd7 19. a5 Nc8 20. g4 Bg6 21. Bb2 Be7 22.
Nf1 Bf6 23. Bxf6 Qxf6 24. Kg2 Na7 25. Ng3 b4 26. g5 Qd8 27. h4 f6 28. h5 Bf7 29.
Qd2 Nb5 30. Rh1 fxg5 31. h6 g4 32. Ng5 g6 33. Qf4 Qf6 34. Qxg4 Ne5 35. Qh4 Nd4
36. Rac1 Nef3 37. Nxf3 Qxf3+ 38. Kg1 Bxd5 39. exd5 Nxc2 40. Rh2 Nd4 41. Rg2 Qxd5
42. Qf6 Qe5 43. Ne4 Ra7 44. f3 Nxf3+ 45. Qxf3 Qxe4 46. Rf1 Qxf3 47. Rxf3 d5 48.
Rf6 Rc8 49. Rb6 d4 50. Rc2 d3 51. Rd2 Rd8 52. Rc6 Rd5 53. Rf2 Ra8 54. Rd2 Rg5+
55. Kh2 Rd5 56. Kg3 Kf7 57. Rc7+ Kf6 58. Kg4 Rd4+ 59. Kg3 Rad8 60. Rxh7 Kg5 61.
Rc7 Rg4+ 62. Kh3 Rh4+ 63. Kg3 Rh5 64. h7 Kh6 65. Rd7 Rg5+ 66. Kh4 Rh5+ 67. Kg4
Rg5+ 68. Kh4 Rh8 69. R2xd3 Rh5+ 70. Kg4 Rxh7 71. R7d6 Ra7 72. Rxg6+ Kxg6 73.
Rd6+ Kf7 74. Kxh5 Ke7 75. Rh6 Ra8 76. Kg4 Rb8 77. Kf4 c4 78. bxc4 b3 79. Rh1 b2
80. Rb1 Rb3 81. Ke5 Kd7 82. Kd5 Kc7 83. Kc5 Kb7 84. Kd5 Kc7 85. Kc5 Rb8 86. Kd4
Rb3 87. Kc5 Kd7 88. Kd5 Ke7 89. Re1+ Kd8 90. Rb1 Kd7 91. Kc5 Ke6 92. Kd4 Kd6 93.
c5+ Kc6 1/2-1/2